|
|
|
|
| LEADER |
00000nab#a22000007a#4500 |
| 001 |
arbauad015636 |
| 003 |
AR-BaUAD |
| 005 |
20250711111441.0 |
| 008 |
951124|||||||||###||||||b###|0###a|spa|| |
| 040 |
|
|
|a AR-BaUAD
|c AR-BaUAD
|b spa
|
| 245 |
1 |
0 |
|a Carro de autoservicio
|
| 300 |
0 |
|
|b fot., vistas
|
| 653 |
|
|
|a DISEÑO INDUSTRIAL
|
| 653 |
|
|
|a BENEDITO, RAMON
|
| 653 |
|
|
|a EQUIPAMIENTO
|
| 653 |
|
|
|a SUPERMERCADOS
|
| 653 |
|
|
|a CARROS DE AUTOSERVICIO
|
| 773 |
0 |
|
|t ON DISEÑO
|g no. 164 [1995], p. 66-71
|
| 942 |
|
|
|c ARTI
|
| 952 |
|
|
|0 0
|1 0
|4 0
|7 0
|9 60556
|a AR-BAuAD
|b AR-BAuAD
|d 2025-07-11
|l 0
|p AAQA015636
|r 2025-07-11 11:14:41
|w 2025-07-11
|y ARTI
|
| 990 |
|
|
|a DI199
|b TD
|
| 998 |
|
|
|a AAQ
|b BIBUN76
|
| 999 |
|
|
|c 40229
|d 40229
|